Ochranné označenie produktov a ich medzinárodná právna ochrana
Možnosti vybraných ochranných označení produktov a medzinárodnej právnej ochrany označení produktov.
Uložené v:
| Hlavný autor: | |
|---|---|
| Médium: | Kapitola |
| Jazyk: | Slovak |
| Predmet: | |
| Tagy: |
Žiadne tagy, Buďte prvý, kto otaguje tento záznam!
|
MARC
| LEADER | 00000naa a2200000 4500 | ||
|---|---|---|---|
| 001 | 0192171 | ||
| 005 | 20240502073226.1 | ||
| 041 | 0 | |a slo | |
| 044 | |a SK | ||
| 245 | 1 | 0 | |a Ochranné označenie produktov a ich medzinárodná právna ochrana |c Ľubica Knošková |
| 520 | |a Možnosti vybraných ochranných označení produktov a medzinárodnej právnej ochrany označení produktov. | ||
| 610 | 2 | 0 | |a značky výrobkov |
| 610 | 2 | 0 | |a značky výrobné |
| 610 | 2 | 0 | |a ochrana právna |
| 610 | 2 | 0 | |a vlastníctvo duševné |
| 610 | 2 | 0 | |a vlastníctvo priemyselné |
| 610 | 2 | 0 | |a výrobky poľnohospodárske |
| 610 | 2 | 0 | |a Slovensko |
| 610 | 2 | 0 | |a certifikácia |
| 610 | 2 | 0 | |a certifikáty |
| 100 | 1 | |a Knošková, Ľubica, 1965- | |